| 000 | 00909nam a22002895i 4500 | ||
|---|---|---|---|
| 005 | 20240730104151.0 | ||
| 008 | 180313s2018 nyu 000 0 eng | ||
| 010 | _a 2018937906 | ||
| 020 | _a9781484234495 (hard : alk. paper) | ||
| 040 |
_aDLC _beng _erda _cDLC |
||
| 042 | _apcc | ||
| 082 |
_a005.869 _bNEL-P |
||
| 100 | _aMukjopadhyay,Sayan, | ||
| 245 | 0 | 0 |
_aAdvanced data analytics using Python / _c[edited by] Sayan Mukhopadhyay. |
| 260 |
_aIndia: _bAPress; _c2018. |
||
| 263 | _a1803 | ||
| 264 | 1 |
_aNew York, NY : _bSpringer Science+Business Media, _c2018. |
|
| 300 |
_axiii,186 pages. : _bill, _c23cm. |
||
| 336 |
_atext _btxt _2rdacontent |
||
| 337 |
_aunmediated _bn _2rdamedia |
||
| 338 |
_avolume _bnc _2rdacarrier |
||
| 500 | _aInclude Index. | ||
| 650 | _acomputer science/programming | ||
| 906 |
_a0 _bibc _corignew _d2 _eepcn _f20 _gy-gencatlg |
||
| 999 |
_c33409 _d33409 |
||